000 00355pam a2200145 a 4500
020 _c
041 _aeng
082 _a615.19
_bBUL
100 _aP.Bultick.
245 _aComputational Medical Chemistry For Drug Discovery
_hTextual Documents
260 _a[s.l]:
_bCRC Press
300 _a794p.
700 _aH.D.Winter.
_aW.Langenaekar.
930 _a14338
999 _c91238
_d91238